<?xml version="1.0" encoding="UTF-8"?>
<record
    xmlns:xsi="http://www.w3.org/2001/XMLSchema-instance"
    xsi:schemaLocation="http://www.loc.gov/MARC21/slim http://www.loc.gov/standards/marcxml/schema/MARC21slim.xsd"
    xmlns="http://www.loc.gov/MARC21/slim">

  <leader>01929nam a2200349 i 4500</leader>
  <controlfield tag="003">OSt</controlfield>
  <controlfield tag="005">20260514162214.0</controlfield>
  <controlfield tag="008">260514t20242024enkao  fr     001 0beng d</controlfield>
  <datafield tag="020" ind1=" " ind2=" ">
    <subfield code="a">9781446310564</subfield>
    <subfield code="c">RM110.00</subfield>
    <subfield code="q">paperback </subfield>
  </datafield>
  <datafield tag="040" ind1=" " ind2=" ">
    <subfield code="a">PPAK </subfield>
    <subfield code="b">eng</subfield>
    <subfield code="c">PPAK </subfield>
    <subfield code="e">rda</subfield>
  </datafield>
  <datafield tag="082" ind1="0" ind2="4">
    <subfield code="2">23</subfield>
    <subfield code="a">751.42243</subfield>
  </datafield>
  <datafield tag="090" ind1="0" ind2="0">
    <subfield code="a">751.42243</subfield>
    <subfield code="b">LEA </subfield>
    <subfield code="d">R</subfield>
  </datafield>
  <datafield tag="100" ind1="1" ind2=" ">
    <subfield code="a">Leach, Kate Rebecca,</subfield>
    <subfield code="e">author. </subfield>
  </datafield>
  <datafield tag="245" ind1="1" ind2="0">
    <subfield code="a">CREATIVE Abstract Watercolour : </subfield>
    <subfield code="b">The beginner's guide to expressive and imaginative painting / </subfield>
    <subfield code="c">KATE REBECCA LEACH ; Managing Editor: Jeni Chown ; Project Editor: Jenny Fox-Proverbs ; Designers: Sam Staddon and Lee-May Lim ; Photography and Art Direction: Tom Hargreaves </subfield>
  </datafield>
  <datafield tag="264" ind1=" " ind2="1">
    <subfield code="a">Exeter, England :</subfield>
    <subfield code="b">DAVID &amp; CHARLES, </subfield>
    <subfield code="c">2024</subfield>
  </datafield>
  <datafield tag="264" ind1=" " ind2="4">
    <subfield code="c">&#xA9;2024</subfield>
  </datafield>
  <datafield tag="300" ind1=" " ind2=" ">
    <subfield code="a">119 pages : </subfield>
    <subfield code="b">colour illustrations, colour photographs ; </subfield>
    <subfield code="c">28 cm </subfield>
  </datafield>
  <datafield tag="336" ind1=" " ind2=" ">
    <subfield code="a">text</subfield>
    <subfield code="2">rdacontent</subfield>
  </datafield>
  <datafield tag="337" ind1=" " ind2=" ">
    <subfield code="a">unmediated</subfield>
    <subfield code="2">rdamedia</subfield>
  </datafield>
  <datafield tag="338" ind1=" " ind2=" ">
    <subfield code="a">volume</subfield>
    <subfield code="2">rdacarrier</subfield>
  </datafield>
  <datafield tag="500" ind1=" " ind2=" ">
    <subfield code="a">Includes index.</subfield>
  </datafield>
  <datafield tag="520" ind1=" " ind2=" ">
    <subfield code="a">Learn how to create dynamic, original abstract art using easy techniques and nothing more than watercolor paints and a few pens.

Let your creativity loose and start making art, without getting bogged down in detail or accuracy - just allow yourself to experiment, have fun, be present and play with colour, shape and texture to your heart's content.

In this unique step-by-step book, you'll discover watercolor techniques, tips and tricks to create your own vibrant art, letting the natural watercolor flow to help form your composition and inspire further mixed media embellishment.</subfield>
  </datafield>
  <datafield tag="650" ind1="1" ind2="0">
    <subfield code="a">Watercolor painting </subfield>
    <subfield code="x">Technique</subfield>
  </datafield>
  <datafield tag="650" ind1="2" ind2="0">
    <subfield code="a">Painting, Abstract</subfield>
  </datafield>
  <datafield tag="650" ind1="2" ind2="0">
    <subfield code="a">Nature in art</subfield>
  </datafield>
  <datafield tag="700" ind1="1" ind2=" ">
    <subfield code="a">Chown, Jeni, </subfield>
    <subfield code="e">editor. </subfield>
  </datafield>
  <datafield tag="700" ind1="1" ind2=" ">
    <subfield code="a">Jenny, Fox-Proverbs,</subfield>
    <subfield code="e">editor.</subfield>
  </datafield>
  <datafield tag="700" ind1="1" ind2=" ">
    <subfield code="a">Staddon, Sam, </subfield>
    <subfield code="e">designer.</subfield>
  </datafield>
  <datafield tag="700" ind1="1" ind2=" ">
    <subfield code="a">Lee-May Lim,</subfield>
    <subfield code="e">designer.</subfield>
  </datafield>
  <datafield tag="700" ind1="1" ind2=" ">
    <subfield code="a">Hargreaves, Tom,</subfield>
    <subfield code="e">photographer. </subfield>
  </datafield>
  <datafield tag="942" ind1=" " ind2=" ">
    <subfield code="2">ddc</subfield>
    <subfield code="c">B</subfield>
  </datafield>
  <datafield tag="999" ind1=" " ind2=" ">
    <subfield code="c">204285</subfield>
    <subfield code="d">204285</subfield>
  </datafield>
</record>
